000 01133cpcaa2200277 4500
001 mm 83095232
003 DLC
005 20260227111721.0
008 830623|||||||||||| spa
010 _amm 83095232
040 _aDLC
_cDLC
_edacs
_dDLC
041 _aspa
_aeng
072 7 _aH
_2lcmd
100 2 _aCorte y Ruano Calderón, Felipe María de la.
245 0 0 _aFelipe María de la Corte y Ruano Calderón papers,
_f1870-1892.
300 _a31
_fitems.
300 _a1
_fcontainer.
506 0 _aOpen to research.
520 8 _aIncludes manuscript, typescript, and translation of Corte y Ruano Calderón's "Historia de las Islas Marianas" and miscellaneous documents relating to the government and economy of the Mariana Islands.
546 _aCollection material in Spanish, with English translation.
651 0 _aMariana Islands
_xEconomic conditions.
651 0 _aMariana Islands
_xHistory.
651 0 _aMariana Islands
_xPolitics and government.
999 _c44060
_d44060